[Event "C.to Provinciale KR 2006"]
[Site "Cutro ITA"]
[Date "2006.02.04"]
[Round "3"]
[White "Levato, Biagio"]
[Black "Olivo, Paolo"]
[Result "0-1"]
[WhiteElo "1522"]
[BlackElo "1604"]
[PlyCount "84"]
[EventDate "2006.02.03"]

1. Nf3 Nf6 2. g3 g6 3. Bg2 d5 4. d3 c5 5. O-O Nc6 6. Nbd2 Bg7 7. Re1 O-O 8. e4
dxe4 9. dxe4 e5 10. b3 Bg4 11. Bb2 Qc7 12. h3 Bxf3 13. Nxf3 Rad8 14. Qe2 Nd4
15. Nxd4 exd4 16. Rad1 Rfe8 17. Qc4 Qc8 18. a4 Nd7 19. f4 a6 20. a5 b5 21. axb6
Nxb6 22. Qf1 c4 23. bxc4 Nxc4 24. Bc1 Qc5 25. Qf2 a5 26. Bf1 a4 27. Kh2 Na3 28.
Bd3 Nb1 29. Bb2 Nc3 30. Ra1 Ra8 31. e5 a3 32. Bxc3 Qxc3 33. Ra2 Reb8 34. Qe2
Rb2 35. Rea1 Bf8 36. Bc4 Rc8 37. Bb3 d3 38. Qd1 dxc2 39. Bxc2 Rxc2+ 40. Rxc2
Qxc2+ 41. Kh1 Qe4+ 42. Kg1 Rc2 0-1

[Event "C.to Provinciale KR 2006"]
[Site "Cutro ITA"]
[Date "2006.02.04"]
[Round "3"]
[White "Olivo, Gaetano"]
[Black "Baffa, Pietro"]
[Result "0-1"]
[WhiteElo "1649"]
[BlackElo "1727"]
[PlyCount "80"]
[EventDate "2006.02.03"]

1. e4 c5 2. Nf3 Nc6 3. c3 e6 4. Bb5 Qc7 5. d4 a6 6. Be2 Nf6 7. Nbd2 Be7 8. O-O
O-O 9. e5 Ne8 10. Ne4 cxd4 11. cxd4 f6 12. exf6 Nxf6 13. Nxf6+ Bxf6 14. Bg5 Qd8
15. Be3 b5 16. Rb1 Bb7 17. a3 Rc8 18. b4 Ne7 19. Qd3 Nd5 20. Rfc1 Qe7 21. Rxc8
Rxc8 22. Rc1 Rxc1+ 23. Bxc1 Nb6 24. Qc2 Bxf3 25. Bxf3 d5 26. Qc5 Qxc5 27. dxc5
Nc4 28. Kf1 Kf7 29. Bd1 Ke7 30. Ke2 Kd7 31. f4 Kc6 32. g4 a5 33. g5 Bc3 34. Bc2
axb4 35. axb4 g6 36. Kd3 Bxb4 37. Bb3 Bxc5 38. Bxc4 bxc4+ 39. Kc2 d4 40. Kd2
Kd5 0-1

[Event "C.to Provinciale KR 2006"]
[Site "Cutro ITA"]
[Date "2006.02.04"]
[Round "3"]
[White "Piccoli, Vincenzo"]
[Black "Liistro, Giovanni Carlo"]
[Result "0-1"]
[WhiteElo "1646"]
[BlackElo "1784"]
[PlyCount "54"]
[EventDate "2006.02.03"]

1. d4 Nf6 2. c4 g6 3. Nc3 Bg7 4. e4 d6 5. Nf3 O-O 6. Be2 Nbd7 7. O-O e5 8. d5
a5 9. a3 Nc5 10. Bg5 h6 11. Bxf6 Qxf6 12. b4 axb4 13. axb4 Rxa1 14. Qxa1 Na6
15. Qb2 Qe7 16. Nd2 f5 17. f3 Qg5 18. Nd1 h5 19. Qc3 Bh6 20. Nb3 h4 21. Nf2 Qe3
22. Qxe3 Bxe3 23. b5 Nc5 24. Nxc5 Bxc5 25. g3 hxg3 26. hxg3 fxe4 27. fxe4 Bh3
0-1

[Event "C.to Provinciale KR 2006"]
[Site "Cutro ITA"]
[Date "2006.02.04"]
[Round "3"]
[White "Virelli, Salvatore"]
[Black "Paragliola, Gennaro"]
[Result "0-1"]
[WhiteElo "1545"]
[BlackElo "1544"]
[PlyCount "74"]
[EventDate "2006.02.03"]

1. e4 d6 2. d4 Nf6 3. Nc3 g6 4. Nf3 Bg7 5. Bc4 O-O 6. O-O Nc6 7. h3 e5 8. d5
Na5 9. Be2 b6 10. b4 Nb7 11. a3 a5 12. Bd2 Bd7 13. Bb5 h6 14. Qc1 Kh7 15. Bxd7
Qxd7 16. Re1 Ra7 17. Qb2 c5 18. b5 Ng8 19. a4 f5 20. Nh2 f4 21. f3 Nf6 22. Ne2
Nd8 23. c4 Nf7 24. Ng4 h5 25. Nxf6+ Bxf6 26. Kh2 Qd8 27. g3 fxg3+ 28. Nxg3 Bh4
29. Rg1 Ng5 30. Bxg5 Qxg5 31. Qf2 Raf7 32. Ra3 Qf4 33. Kg2 Qh6 34. Qe2 Qg5 35.
Kh2 Qf4 36. Rg2 Bxg3+ 37. Rxg3 h4 0-1

[Event "C.to Provinciale KR 2006"]
[Site "Cutro ITA"]
[Date "2006.02.05"]
[Round "4"]
[White "Cordi', Domenico"]
[Black "Zavaglia, Giuseppe"]
[Result "1/2-1/2"]
[WhiteElo "2065"]
[BlackElo "1787"]
[PlyCount "96"]
[EventDate "2006.02.03"]

1. d4 Nf6 2. Nf3 e6 3. c4 b6 4. a3 Bb7 5. Nc3 Be7 6. Bg5 O-O 7. e3 d6 8. Bd3
Nbd7 9. O-O c5 10. Qe2 Re8 11. Rfd1 cxd4 12. exd4 h6 13. Bf4 Nh5 14. Be3 Nhf6
15. Rac1 Bf8 16. h3 a6 17. Bf4 Rc8 18. Bh2 Kh8 19. Ne4 Nxe4 20. Bxe4 Bxe4 21.
Qxe4 Nf6 22. Qe2 Qc7 23. b4 Kg8 24. Qd3 Red8 25. Re1 Qb7 26. Qe3 Re8 27. Rc2
Kh8 28. Nd2 Kg8 29. Rec1 Red8 30. f3 Be7 31. g4 Re8 32. h4 Nd7 33. g5 hxg5 34.
hxg5 e5 35. Ne4 exd4 36. Qxd4 Ne5 37. Bxe5 dxe5 38. Qd5 Qc7 39. g6 Bf8 40. Ng5
Re7 41. gxf7+ Rxf7 42. Qxf7+ Qxf7 43. Nxf7 Kxf7 44. Kf2 Ke6 45. Ke3 a5 46. bxa5
Bc5+ 47. Ke4 bxa5 48. Rd1 Rf8 1/2-1/2

[Event "C.to Provinciale KR 2006"]
[Site "Cutro ITA"]
[Date "2006.02.05"]
[Round "4"]
[White "Mercurio, Rosario"]
[Black "Baffa, Pietro"]
[Result "0-1"]
[WhiteElo "1303"]
[BlackElo "1727"]
[PlyCount "72"]
[EventDate "2006.02.03"]

1. Nf3 Nf6 2. g3 e6 3. d3 d5 4. c3 Nc6 5. Nbd2 Be7 6. Bg2 O-O 7. O-O e5 8. e3
Bg4 9. h3 Bf5 10. Qc2 e4 11. Ne1 exd3 12. Qd1 Ne5 13. Ndf3 Nxf3+ 14. Nxf3 c5
15. b3 c4 16. Ne5 Bd6 17. f4 Bxe5 18. fxe5 Ne4 19. Rxf5 Nxg3 20. Rf2 Ne2+ 21.
Kh2 Qg5 22. Kh1 Qxe5 23. Bd2 b5 24. a3 Rad8 25. Rf3 Nxc3 26. Qe1 Ne4 27. Bb4 d2
28. Qd1 Rfe8 29. Ra2 c3 30. Rc2 d4 31. Rf4 Ng3+ 32. Kg1 Qxe3+ 33. Rf2 Qe1+ 34.
Rf1 Nxf1 35. Bf3 Ne3+ 36. Qxe1 dxe1=Q+ 0-1

[Event "C.to Provinciale KR 2006"]
[Site "Cutro ITA"]
[Date "2006.02.05"]
[Round "4"]
[White "Olivo, Paolo"]
[Black "Guzzo, Giovanni"]
[Result "1/2-1/2"]
[WhiteElo "1604"]
[BlackElo "1807"]
[PlyCount "55"]
[EventDate "2006.02.03"]

1. e4 e6 2. d4 d5 3. Nc3 Bb4 4. e5 c5 5. a3 cxd4 6. axb4 dxc3 7. Qg4 cxb2 8.
Bxb2 g6 9. Nf3 Nh6 10. Qf4 Nf5 11. g4 Ne7 12. Qf6 O-O 13. Bc1 Nec6 14. Qf4 f6
15. Qg3 Nxb4 16. Kd1 Qc7 17. Bd3 Nxd3 18. cxd3 Nc6 19. Bf4 fxe5 20. Nxe5 Nxe5
21. Bxe5 Qf7 22. f4 b5 23. Rc1 Bd7 24. Rc7 Rfc8 25. Rb7 a5 26. h4 Rc5 27. Bd4
Rc6 28. f5 1/2-1/2

[Event "C.to Provinciale KR 2006"]
[Site "Cutro ITA"]
[Date "2006.02.05"]
[Round "4"]
[White "Paragliola, Gennaro"]
[Black "Piccoli, Vincenzo"]
[Result "1/2-1/2"]
[WhiteElo "1544"]
[BlackElo "1646"]
[PlyCount "59"]
[EventDate "2006.02.03"]

1. d4 Nf6 2. Bg5 d5 3. Nf3 h6 4. Bxf6 exf6 5. e3 Bg4 6. h3 Bh5 7. c4 Bb4+ 8.
Nc3 O-O 9. Bd3 c6 10. g4 Bg6 11. Bxg6 fxg6 12. Qb3 Qa5 13. O-O Bxc3 14. bxc3 b6
15. Nh4 dxc4 16. Qxc4+ Kh7 17. f4 Qd5 18. Qd3 f5 19. Rf2 Nd7 20. Rg2 Nc5 21.
Qc2 Ne4 22. c4 Qd7 23. gxf5 gxf5 24. Ng6 Rf6 25. Ne5 Qe7 26. Kh1 Rg8 27. Rag1
g5 28. fxg5 Rxg5 29. Rxg5 hxg5 30. Qg2 1/2-1/2

[Event "C.to Provinciale KR 2006"]
[Site "Cutro ITA"]
[Date "2006.02.05"]
[Round "4"]
[White "Scalise, Sandro"]
[Black "Di Mauro, Sebastiano"]
[Result "0-1"]
[WhiteElo "1592"]
[BlackElo "1775"]
[PlyCount "38"]
[EventDate "2006.02.03"]

1. d4 Nf6 2. Nf3 g6 3. Bf4 Bg7 4. h3 d6 5. e3 O-O 6. Nbd2 Nc6 7. c3 Re8 8. Be2
e5 9. dxe5 dxe5 10. Bh2 Bf5 11. g4 Bd3 12. O-O Qd7 13. Bxd3 Qxd3 14. Qb3 e4 15.
Ng5 Qxd2 16. Rad1 Qe2 17. Rfe1 Qa6 18. Qxf7+ Kh8 19. Ne6 Re7 0-1

[Event "C.to Provinciale KR 2006"]
[Site "Cutro ITA"]
[Date "2006.02.05"]
[Round "5"]
[White "Baffa, Pietro"]
[Black "Guzzo, Giovanni"]
[Result "1/2-1/2"]
[WhiteElo "1727"]
[BlackElo "1807"]
[PlyCount "81"]
[EventDate "2006.02.03"]

1. d4 e6 2. c4 d5 3. e3 c5 4. Nf3 Nc6 5. cxd5 exd5 6. Bb5 a6 7. Bxc6+ bxc6 8.
Qc2 Bd6 9. b3 Nf6 10. Ba3 Ne4 11. O-O Bf5 12. Nh4 Bg6 13. g3 Be7 14. Nxg6 hxg6
15. dxc5 Qd7 16. f3 Nf6 17. Nc3 Qh3 18. Qg2 Qe6 19. Rae1 Nd7 20. Na4 f6 21. Qc2
Kf7 22. Bb2 Rh7 23. e4 Rah8 24. Rf2 Qh3 25. Rfe2 d4 26. Bxd4 Ne5 27. Bxe5 fxe5
28. Rd1 Bg5 29. f4 exf4 30. Rf1 Qg4 31. Qd3 Rd8 32. Qf3 Qd7 33. gxf4 Rh3 34.
Qg2 Be7 35. f5 Rdh8 36. fxg6+ Kg8 37. Qf2 Bf6 38. Rd2 Qg4+ 39. Kh1 Qxe4+ 40.
Kg1 Qg4+ 41. Kh1 1/2-1/2

[Event "C.to Provinciale KR 2006"]
[Site "Cutro ITA"]
[Date "2006.02.05"]
[Round "5"]
[White "Carrozza, Gregorio"]
[Black "Levato, Biagio"]
[Result "1-0"]
[WhiteElo "1619"]
[BlackElo "1522"]
[PlyCount "113"]
[EventDate "2006.02.03"]

1. c4 Nf6 2. Nc3 e6 3. e4 d6 4. d4 Be7 5. Nf3 Nbd7 6. Be2 c5 7. O-O cxd4 8.
Nxd4 O-O 9. Be3 Nc5 10. f3 b6 11. Qd2 Bb7 12. Rad1 a6 13. Bf2 Qc7 14. b3 Ncd7
15. Bg3 Rac8 16. Rfe1 Nh5 17. Bf2 g6 18. Bf1 Ng7 19. Bg3 Nh5 20. Bf2 Ng7 21.
Qe3 Qd8 22. f4 e5 23. fxe5 dxe5 24. Nf3 Bc5 25. Qd2 Bxf2+ 26. Kxf2 Bc6 27. Nd5
f5 28. Qh6 fxe4 29. Rxe4 Rf5 30. Kg1 Rh5 31. Qc1 Nf5 32. g4 Nh4 33. Qe3 Nxf3+
34. Qxf3 Qg5 35. Bg2 Rf8 36. Qg3 Rh4 37. h3 Re8 38. Ree1 h5 39. Qe3 Qxe3+ 40.
Nxe3 e4 41. Rd6 hxg4 42. Rxc6 gxh3 43. Bh1 Ne5 44. Rxb6 Nf3+ 45. Bxf3 exf3 46.
Kf2 h2 47. Rh1 g5 48. Rg6+ Kf7 49. Rxg5 Rd8 50. Kxf3 Rh3+ 51. Rg3 Rdh8 52. Kg2
R3h6 53. Ng4 Re6 54. Rxh2 Re2+ 55. Kg1 Re1+ 56. Kf2 Rxh2+ 57. Nxh2 1-0

[Event "C.to Provinciale KR 2006"]
[Site "Cutro ITA"]
[Date "2006.02.05"]
[Round "5"]
[White "Cordi', Domenico"]
[Black "Liistro, Giovanni Carlo"]
[Result "1/2-1/2"]
[WhiteElo "2065"]
[BlackElo "1784"]
[PlyCount "58"]
[EventDate "2006.02.03"]

1. e4 e5 2. Nf3 Nc6 3. Bb5 a6 4. Ba4 Nf6 5. O-O b5 6. Bb3 Be7 7. Re1 O-O 8. c3
d6 9. h3 Bb7 10. d4 Nb8 11. Nbd2 Nbd7 12. Bc2 Re8 13. Nf1 Bf8 14. Ng3 g6 15. a4
c6 16. Be3 Qc7 17. a5 c5 18. d5 c4 19. Qd2 Bg7 20. Bh6 Nc5 21. Bxg7 Kxg7 22.
Nf5+ Kh8 23. Qh6 Rg8 24. Ng5 Raf8 25. Re3 Qd8 26. Ng3 Rg7 27. Rf1 Bc8 28. Qh4
Ng8 29. Ne2 f6 1/2-1/2

[Event "C.to Provinciale KR 2006"]
[Site "Cutro ITA"]
[Date "2006.02.05"]
[Round "5"]
[White "Di Mauro, Sebastiano"]
[Black "Zavaglia, Giuseppe"]
[Result "1-0"]
[WhiteElo "1775"]
[BlackElo "1787"]
[PlyCount "127"]
[EventDate "2006.02.03"]

1. e4 c5 2. Nc3 d6 3. g3 Nf6 4. Bg2 g6 5. d3 Bg7 6. f4 Nc6 7. Nf3 O-O 8. O-O
Bg4 9. h3 Bxf3 10. Qxf3 Nd4 11. Qf2 e6 12. Be3 Nd7 13. Nd1 Rb8 14. c3 Nc6 15.
g4 Qc7 16. Qg3 b5 17. h4 b4 18. g5 f5 19. h5 Rfe8 20. exf5 gxf5 21. h6 Bf8 22.
Bf3 Ne7 23. Bh5 Ng6 24. Bxg6 hxg6 25. Rf2 e5 26. Rc2 Qa5 27. cxb4 Qxb4 28. Nc3
exf4 29. Qxf4 Qxf4 30. Bxf4 Ne5 31. Rd1 Be7 32. Nd5 Kf7 33. Bxe5 dxe5 34. Nxe7
Rxe7 35. Rxc5 Rxb2 36. Rc6 Rb6 37. Rdc1 e4 38. dxe4 Rxc6 39. Rxc6 Rxe4 40. Rf6+
Kg8 41. Rxg6+ Kh7 42. Rg7+ Kh8 43. Rxa7 Rg4+ 44. Kf2 Rxg5 45. Kf3 Rg4 46. a4
Rh4 47. h7 Rg4 48. a5 Ra4 49. a6 f4 50. Kg4 f3+ 51. Kxf3 Ra3+ 52. Ke4 Ra4+ 53.
Kd5 Ra1 54. Kc6 Ra2 55. Kb7 Kxh7 56. Ra8 Rb2+ 57. Ka7 Kg6 58. Rb8 Ra2 59. Rb6+
Kf5 60. Kb7 Re2 61. a7 Re7+ 62. Ka6 Re2 63. a8=Q Ra2+ 64. Kb7 1-0

[Event "C.to Provinciale KR 2006"]
[Site "Cutro ITA"]
[Date "2006.02.05"]
[Round "5"]
[White "Mercurio, Rosario"]
[Black "Virelli, Salvatore"]
[Result "0-1"]
[WhiteElo "1303"]
[BlackElo "1545"]
[PlyCount "60"]
[EventDate "2006.02.03"]

1. Nf3 Nf6 2. d4 d5 3. Bg5 Nbd7 4. Nbd2 h6 5. Bxf6 Nxf6 6. c4 Bg4 7. c5 Bxf3 8.
Nxf3 c6 9. h3 b5 10. b4 a5 11. a3 a4 12. e3 Nd7 13. g3 Qc7 14. Bg2 O-O-O 15. h4
Kb8 16. Qc2 g6 17. Bh3 Bg7 18. O-O-O e5 19. Bxd7 Rxd7 20. dxe5 Bxe5 21. Ng1
Rhd8 22. Ne2 d4 23. exd4 Bxd4 24. Rd3 Bb2+ 25. Qxb2 Rxd3 26. Nc3 Qe5 27. Nb1
Rd1+ 28. Rxd1 Rxd1+ 29. Kc2 Qxb2+ 30. Kxb2 Rf1 0-1

[Event "C.to Provinciale KR 2006"]
[Site "Cutro ITA"]
[Date "2006.02.05"]
[Round "5"]
[White "Paragliola, Gennaro"]
[Black "Olivo, Ilaria"]
[Result "1-0"]
[WhiteElo "1544"]
[BlackElo "1377"]
[PlyCount "57"]
[EventDate "2006.02.03"]

1. d4 Nf6 2. c4 g6 3. Nc3 d5 4. Nf3 Bg7 5. Bg5 e6 6. e3 O-O 7. Bd3 Nbd7 8. cxd5
exd5 9. Nxd5 c6 10. Nc3 Qc7 11. O-O b6 12. Rc1 Bb7 13. Bf4 Qc8 14. Nb5 Qd8 15.
Nd6 Bc8 16. Rxc6 Nd5 17. Qb3 Nxf4 18. exf4 Nf6 19. Ne5 Be6 20. Bc4 Qe7 21. Bxe6
Qxe6 22. Qxe6 fxe6 23. Rfc1 Nh5 24. g3 Rad8 25. R1c4 Bxe5 26. dxe5 Ng7 27. Rc7
Nf5 28. Nxf5 gxf5 29. Rxa7 1-0

[Event "C.to Provinciale KR 2006"]
[Site "Cutro ITA"]
[Date "2006.02.05"]
[Round "5"]
[White "Piccoli, Vincenzo"]
[Black "Olivo, Gaetano"]
[Result "0-1"]
[WhiteElo "1646"]
[BlackElo "1649"]
[PlyCount "45"]
[EventDate "2006.02.03"]

1. d4 f5 2. g3 Nf6 3. Bg2 c6 4. Nh3 e6 5. O-O Be7 6. Bf4 d6 7. c4 Nbd7 8. Nc3
Nh5 9. e4 Nxf4 10. Nxf4 O-O 11. Nxe6 Qb6 12. Nxf8 Bxf8 13. Qd2 fxe4 14. Nxe4 c5
15. dxc5 dxc5 16. Qd5+ Kh8 17. Ng5 Nf6 18. Qd2 h6 19. Ne4 Ng4 20. Bh3 Ne5 21.
Bxc8 Nf3+ 22. Kh1 Nxd2 23. Nxd2 0-1

[Event "C.to Provinciale KR 2006"]
[Site "Cutro ITA"]
[Date "2006.02.05"]
[Round "5"]
[White "Scalise, Sandro"]
[Black "Olivo, Paolo"]
[Result "0-1"]
[WhiteElo "1592"]
[BlackElo "1604"]
[PlyCount "40"]
[EventDate "2006.02.03"]

1. d4 Nf6 2. Nf3 g6 3. Bf4 Bg7 4. Nbd2 Nh5 5. Be5 f6 6. Bg3 d6 7. e4 Nxg3 8.
hxg3 O-O 9. Bc4+ e6 10. Qe2 c6 11. O-O-O b5 12. Bd3 a5 13. Nh4 Bd7 14. f4 c5
15. dxc5 dxc5 16. Bxb5 Nc6 17. f5 Nd4 18. Qc4 Bxb5 19. Qxc5 Rc8 20. Qa3 Nxc2
0-1

[Event "C.to Provinciale RN"]
[Site "Rimini ITA"]
[Date "2006.01.28"]
[Round "1"]
[White "Muccini, Andrea"]
[Black "Ferri, Massimiliano"]
[Result "0-1"]
[WhiteElo "1530"]
[BlackElo "2146"]
[PlyCount "56"]
[EventDate "2006.01.28"]

1. e4 e6 2. Nc3 c5 3. Nf3 d5 4. exd5 exd5 5. Qe2+ Be7 6. Qe5 Nf6 7. Bb5+ Nc6 8.
d4 O-O 9. Bxc6 bxc6 10. O-O Bg4 11. Qg3 Bxf3 12. Qxf3 cxd4 13. Ne2 Qb6 14. Qg3
Ne4 15. Qg4 Rfe8 16. Bh6 Bf8 17. Nf4 f5 18. Qh3 gxh6 19. Qxf5 Bg7 20. Ne6 Re7
21. Nxg7 Kxg7 22. Rfe1 Rf8 23. Qg4+ Kh8 24. f3 d3+ 25. Kh1 Nf2+ 26. Kg1 Nh3+
27. Kh1 Qg1+ 28. Rxg1 Nf2# 0-1

[Event "C.to Provinciale RN"]
[Site "Rimini ITA"]
[Date "2006.02.04"]
[Round "4"]
[White "Ferri, Massimiliano"]
[Black "Sala, Marco"]
[Result "1-0"]
[WhiteElo "2146"]
[BlackElo "1733"]
[PlyCount "91"]
[EventDate "2006.01.28"]

1. d3 d5 2. Nd2 Nf6 3. Ngf3 e6 4. g3 Be7 5. Bg2 c5 6. O-O Nc6 7. e4 O-O 8. Re1
Qc7 9. c3 b6 10. exd5 exd5 11. Nf1 Bb7 12. Bf4 Bd6 13. Bg5 Nd7 14. Nh4 Nd8 15.
Bh3 f6 16. Bd2 Nf7 17. Be6 d4 18. cxd4 cxd4 19. Rc1 Qd8 20. Qe2 Re8 21. Qg4
Nde5 22. Rxe5 fxe5 23. Nf5 Qf6 24. Nh6+ Kf8 25. Bxf7 gxh6 26. Qg8+ Ke7 27. Bxe8
Rxe8 28. Qxh7+ Qf7 29. Qxf7+ Kxf7 30. Bxh6 Ba6 31. Rd1 Rc8 32. f3 Rc2 33. Bc1
Bc8 34. g4 Kg6 35. h4 Be7 36. h5+ Kg7 37. Ng3 Bh4 38. Ne4 Re2 39. Bd2 Ba6 40.
Bb4 Rxb2 41. Bd6 Rb5 42. Rc1 Rd5 43. Rc7+ Kg8 44. g5 Bxd3 45. Nf6+ Kh8 46. Rh7+
1-0

[Event "C.to Provinciale RN"]
[Site "Rimini ITA"]
[Date "2006.02.05"]
[Round "6"]
[White "Ferri, Massimiliano"]
[Black "Lucchi, Lorenzo"]
[Result "1-0"]
[WhiteElo "2146"]
[BlackElo "1840"]
[PlyCount "107"]
[EventDate "2006.01.28"]

1. d4 e6 2. e4 d5 3. Nd2 Nf6 4. e5 Nfd7 5. Bd3 c5 6. c3 Nc6 7. Ne2 Qb6 8. Nf3
cxd4 9. cxd4 Qb4+ 10. Kf1 a6 11. h4 h6 12. b3 Qa5 13. a3 b5 14. Bd2 Qb6 15. Bc3
a5 16. Bb2 Ba6 17. Bc2 Rc8 18. Rc1 Be7 19. Qd2 b4 20. a4 Qa7 21. Rh3 Nf8 22.
Rg3 g6 23. Kg1 Bd8 24. Bb1 Bb6 25. Rd1 Nd7 26. Nc1 Ne7 27. Qf4 Nf5 28. Rh3 Nb8
29. g4 Ne7 30. Ne1 Kd7 31. Qd2 h5 32. g5 Nbc6 33. Nf3 Rc7 34. Kg2 Nd8 35. Rhh1
Nf5 36. Rhe1 Nc6 37. Ne2 Rhc8 38. Qf4 Nce7 39. Ng3 Nc6 40. Nxf5 gxf5 41. Bxf5
exf5 42. Qxf5+ Kd8 43. e6 fxe6 44. Rxe6 Rd7 45. Qf6+ Ne7 46. Rxb6 Be2 47. Rc1
Bxf3+ 48. Kxf3 Rxc1 49. Bxc1 Kc7 50. Bf4+ Kc8 51. Rb8+ Qxb8 52. Bxb8 Kxb8 53.
g6 Kc8 54. g7 1-0

[Event "C.to Provinciale MN"]
[Site "Suzzara ITA"]
[Date "2006.01.??"]
[Round "1"]
[White "Foroni, Francesco"]
[Black "Porpora, Ivano"]
[Result "1-0"]
[WhiteElo "1818"]
[BlackElo "1464"]
[PlyCount "99"]
[EventDate "2006.01.20"]

1. Nf3 Nf6 2. d4 g6 3. e3 Bg7 4. Be2 d6 5. c4 O-O 6. Nc3 Bf5 7. O-O Ne4 8. Nxe4
Bxe4 9. b3 c5 10. Bb2 Nc6 11. Qd2 Qc7 12. dxc5 Bxb2 13. cxd6 Qxd6 14. Qxb2 Bxf3
15. Bxf3 Rab8 16. Rfd1 Qe6 17. Bxc6 Qxc6 18. Rd4 Rbd8 19. Rad1 Qf6 20. Qd2 Rxd4
21. Qxd4 Qxd4 22. Rxd4 e6 23. Kf1 f5 24. Rd7 Rf7 25. Rxf7 Kxf7 26. Ke2 e5 27.
Kd3 Ke6 28. f3 Kd6 29. a3 a5 30. Kc3 b6 31. b4 a4 32. Kd3 Kc6 33. g3 Kd6 34. f4
exf4 35. exf4 Kc6 36. Kd4 Kd6 37. c5+ bxc5+ 38. bxc5+ Kc6 39. Kc4 h6 40. Kd4 g5
41. Kc4 gxf4 42. gxf4 h5 43. h4 Kb7 44. Kb5 Kc7 45. Kxa4 Kb7 46. Kb5 Kc7 47. c6
Kb8 48. Kb6 Ka8 49. Kc7 Ka7 50. Kd7 1-0

[Event "C.to Provinciale MN"]
[Site "Suzzara ITA"]
[Date "2006.01.??"]
[Round "1"]
[White "Marchio', Marino"]
[Black "Sguazzabia, Renzo"]
[Result "1-0"]
[WhiteElo "2060"]
[BlackElo "1577"]
[PlyCount "49"]
[EventDate "2006.01.20"]

1. Nf3 Nf6 2. e3 d6 3. c4 g6 4. Nc3 Bg7 5. Be2 c5 6. Rb1 Nc6 7. a3 a5 8. O-O
O-O 9. d3 Ne8 10. Bd2 Nc7 11. Qa4 Bd7 12. Qb3 Qc8 13. Na4 Rb8 14. Nb6 Qd8 15.
Nxd7 Qxd7 16. Qa4 Ra8 17. d4 Ne5 18. Qxd7 Nxd7 19. Bc3 Rfd8 20. Nd2 b6 21. Bf3
Rab8 22. b4 axb4 23. axb4 e5 24. bxc5 bxc5 25. Ba5 1-0

[Event "C.to Provinciale MN"]
[Site "Suzzara ITA"]
[Date "2006.01.??"]
[Round "2"]
[White "Azzoni, Marino"]
[Black "La Venia, Stefano"]
[Result "0-1"]
[WhiteElo "1850"]
[BlackElo "1661"]
[PlyCount "52"]
[EventDate "2006.01.20"]

1. e4 e6 2. d4 d5 3. exd5 exd5 4. Bd3 Bd6 5. h3 Ne7 6. Nf3 O-O 7. O-O Ng6 8.
Ng5 h6 9. Nxf7 Kxf7 10. Qh5 Qf6 11. c3 Nc6 12. f4 Nce7 13. f5 Bxf5 14. Bxf5 Kg8
15. Bd3 Qe6 16. Qe2 Rxf1+ 17. Qxf1 Rf8 18. Qe2 Qf6 19. Be3 Qh4 20. Bf2 Qf4 21.
g3 Qg5 22. Kh2 Nf4 23. Be3 Nxe2 24. Bxg5 Bxg3+ 25. Kh1 Rf1+ 26. Kg2 Rf2+ 0-1

[Event "C.to Provinciale MN"]
[Site "Suzzara ITA"]
[Date "2006.01.??"]
[Round "2"]
[White "Chiodini, Pietro"]
[Black "Foroni, Francesco"]
[Result "1-0"]
[WhiteElo "1703"]
[BlackElo "1818"]
[PlyCount "127"]
[EventDate "2006.01.20"]

1. e4 d5 2. exd5 Qxd5 3. Nc3 Qd8 4. Bc4 Nf6 5. Nf3 Bf5 6. Ne5 e6 7. Qf3 Bxc2 8.
Qxb7 Nbd7 9. Nc6 Qc8 10. Qxc8+ Rxc8 11. Ba6 Nb8 12. Bxc8 Nxc6 13. Ba6 Bc5 14.
Bb5 Kd7 15. d3 a6 16. Bxc6+ Kxc6 17. Kd2 Bxf2 18. Kxc2 Rd8 19. Bg5 Bd4 20. Bxf6
gxf6 21. Rad1 f5 22. Rhf1 Rg8 23. Rd2 Kd7 24. Rf3 Be5 25. h3 Ke7 26. Re2 Kd6
27. g3 h5 28. Rg2 c6 29. g4 hxg4 30. hxg4 f6 31. Ne2 fxg4 32. Re3 c5 33. b4 Kd5
34. bxc5 f5 35. d4 Bc7 36. Kd3 f4 37. Nc3+ Kc6 38. Rxe6+ Kd7 39. Rf6 g3 40. Nd5
Rg7 41. Nxc7 Kxc7 42. Rxf4 Kc6 43. Rf3 a5 44. Rgxg3 Rh7 45. Rg6+ Kc7 46. d5 a4
47. c6 a3 48. Kc4 Rh4+ 49. Kb5 Rh7 50. Rxa3 Kb8 51. Kb6 Rb7+ 52. Kc5 Rc7 53.
Rg8+ Rc8 54. Rxc8+ Kxc8 55. Kb6 Kd8 56. d6 Ke8 57. Ra8+ Kf7 58. c7 Ke6 59.
c8=Q+ Ke5 60. d7 Ke4 61. d8=Q Ke5 62. Ra5+ Ke4 63. Qe6+ Kf4 64. Rf5+ 1-0

[Event "C.to Provinciale MN"]
[Site "Suzzara ITA"]
[Date "2006.01.??"]
[Round "2"]
[White "Tamassia, Gabriele"]
[Black "Marchio', Marino"]
[Result "1/2-1/2"]
[WhiteElo "1625"]
[BlackElo "2060"]
[PlyCount "67"]
[EventDate "2006.01.20"]

1. d4 f5 2. Nf3 Nf6 3. Bf4 e6 4. e3 Be7 5. Bd3 d5 6. Nbd2 c6 7. h3 Bd6 8. Ne5
O-O 9. c4 Ne4 10. O-O a5 11. f3 Nxd2 12. Qxd2 Na6 13. c5 Bc7 14. Qf2 g5 15. Bg3
Qe8 16. f4 Bxe5 17. fxe5 Bd7 18. a3 Nc7 19. Qc2 Qe7 20. Qf2 Be8 21. Be2 Bg6 22.
h4 h6 23. Bd3 Kg7 24. Be2 Rfb8 25. b4 a4 26. Rab1 f4 27. exf4 Bxb1 28. Rxb1 Rf8
29. Qe3 gxf4 30. Bxf4 Qxh4 31. g3 Qh3 32. Bf1 Qh5 33. Be2 Qh3 34. Bf1 1/2-1/2

[Event "C.to Provinciale MN"]
[Site "Suzzara ITA"]
[Date "2006.01.??"]
[Round "3"]
[White "Foroni, Francesco"]
[Black "Tamassia, Gabriele"]
[Result "1-0"]
[WhiteElo "1818"]
[BlackElo "1625"]
[PlyCount "71"]
[EventDate "2006.01.20"]

1. Nf3 Nf6 2. d4 e6 3. e3 b6 4. Bd3 Bb7 5. Nbd2 Be7 6. Qe2 c5 7. c3 O-O 8. O-O
d5 9. e4 dxe4 10. Nxe4 Nxe4 11. Bxe4 Bxe4 12. Qxe4 Nd7 13. Bf4 Nf6 14. Qe2 Nd5
15. Be5 Bf6 16. Rad1 Qe7 17. Rfe1 Rfe8 18. Bxf6 Qxf6 19. Qe5 Qxe5 20. Rxe5 c4
21. Ree1 b5 22. Ne5 Red8 23. Ng4 Nf4 24. f3 Nd3 25. Re2 Rd5 26. Nf2 Nxf2 27.
Kxf2 Rad8 28. Rde1 a5 29. Re5 Rxe5 30. Rxe5 Rd5 31. Ke3 Kf8 32. Ke4 f5+ 33. Kf4
Rxe5 34. Kxe5 Ke7 35. d5 b4 36. a3 1-0

[Event "C.to Provinciale MN"]
[Site "Suzzara ITA"]
[Date "2006.01.??"]
[Round "3"]
[White "La Venia, Stefano"]
[Black "Schiatti, Piero"]
[Result "1-0"]
[WhiteElo "1661"]
[BlackElo "2042"]
[PlyCount "119"]
[EventDate "2006.01.20"]

1. e4 d5 2. exd5 Nf6 3. d4 Bg4 4. f3 Bf5 5. Bb5+ Nbd7 6. c4 a6 7. Bxd7+ Qxd7 8.
Nc3 e6 9. dxe6 Bxe6 10. b3 O-O-O 11. Nge2 Bb4 12. Bb2 Qe7 13. O-O Nh5 14. Qe1
Qg5 15. Ne4 Qe7 16. Bc3 Bxc3 17. Qxc3 Nf6 18. N2g3 Kb8 19. d5 Nxe4 20. fxe4 Bc8
21. Qxg7 Rdf8 22. Qd4 Rhg8 23. Nf5 Qg5 24. Rf2 Bxf5 25. exf5 Re8 26. d6 cxd6
27. Qxd6+ Ka8 28. Qd2 Qf6 29. Re1 Rxe1+ 30. Qxe1 Qc6 31. Qe7 Re8 32. Qb4 Qe4
33. Qd2 Re5 34. f6 Re6 35. h3 Qb1+ 36. Kh2 Re1 37. Re2 Rh1+ 38. Kg3 Qg6+ 39.
Kh4 Qxf6+ 40. Qg5 Qd4+ 41. Kh5 Rd1 42. Re8+ Ka7 43. Qe3 Qxe3 44. Rxe3 Rd2 45.
g4 Rxa2 46. Kh6 Kb6 47. Kxh7 a5 48. h4 a4 49. bxa4 Rxa4 50. Rc3 Kc5 51. h5 Rxc4
52. Rxc4+ Kxc4 53. h6 b5 54. Kg8 b4 55. h7 Kc3 56. h8=Q+ Kc2 57. Kxf7 b3 58. g5
b2 59. Qxb2+ Kxb2 60. g6 1-0

[Event "C.to Provinciale MN"]
[Site "Suzzara ITA"]
[Date "2006.01.??"]
[Round "3"]
[White "Porpora, Ivano"]
[Black "Sguazzabia, Renzo"]
[Result "1-0"]
[WhiteElo "1464"]
[BlackElo "1577"]
[PlyCount "37"]
[EventDate "2006.01.20"]

1. e4 c5 2. Nf3 d6 3. d4 cxd4 4. Nxd4 Nf6 5. Nc3 e6 6. Be2 Be7 7. Be3 O-O 8.
O-O a6 9. f4 Qc7 10. g4 Nc6 11. g5 Nd7 12. f5 Nde5 13. f6 Bd8 14. Bd3 b5 15.
Qh5 Nb4 16. Rf4 Ng6 17. Rf3 e5 18. Nf5 Nxd3 19. Rh3 1-0

[Event "C.to Provinciale MN"]
[Site "Suzzara ITA"]
[Date "2006.01.??"]
[Round "4"]
[White "La Venia, Stefano"]
[Black "Marchio', Marino"]
[Result "1/2-1/2"]
[WhiteElo "1661"]
[BlackElo "2060"]
[PlyCount "25"]
[EventDate "2006.01.20"]

1. e4 Nf6 2. Nc3 d5 3. exd5 Nxd5 4. Bc4 e6 5. Qf3 c6 6. Nh3 Be7 7. d3 Nxc3 8.
bxc3 Nd7 9. d4 O-O 10. O-O Qa5 11. Bd3 Qd5 12. Qg3 b6 13. Bh6 1/2-1/2